000 00977nam a2200229Ii 4500
003 JO-AjNU
008 230605s9999||||xx |||||||||||||| ||und||
017 _a2020/10/4295
020 _a978-9957-19-077-4
040 _aJO-AjNU
_bara
_erda
_cJO-AjNU
041 _aara
050 1 4 _aDS39.G42 2021
100 3 _aتأليف برادة،محمد، ابراهيم غرايبة، وليد عبدالحي، باسم الطويسي، جابر عصفور، حسن مدن، علي فخور، عامر السبايلة، محي الدين توق؛ تقديم ابراهيم غرايبة,
_eauthor
_961338
245 0 0 _aالعالم العربي: قراءات في المشهد الحالي
250 _aالطبعة الاولى
264 3 1 _aعمان: الان ناشرون وموزعون، 2021
300 _a184ص
336 _atext
_btxt
_2rdacontent
337 _aunmediated
_bn
_2rdamedia
338 _avolume
_bnc
_2rdacarrier
650 4 _aالعالم العربي
_961339
999 _aA27721
_c31289
_d31289